000
00294nam a2200121Ia 4500
008
190216s9999||||xx |||||||||||||| ||und||
100
_a
Bhatnagar P L
245
4
_a
The Universe
260
_b
National Council Of Educational Research
_c
1967
300
_a
200p
650
_a
Physics
942
_c
BK
999
_c
32763
_d
32763